000 00589 a2200181 4500
999 _c1647
_d1647
020 _a9780324192100
050 0 0 _aHF5681.B2 ANT 2004
100 1 _aAntle, Rick.
245 1 0 _aFinancial accounting /
_cRick Antle, Stanley J. Garstka.
250 _a2nd ed.
264 _aOhio:
_bThompson
_c2004
300 _axxi, 332, [30] p. :
_bcol. ill. ;
500 _aIncludes index.
650 0 _aAccounting.
700 1 _aGarstka, Stanley J.
_eauthor
942 _2lcc
_cBK
_e2nd
_h5681.B2
_iANT
_kHF